Best Euro 2020/2021 players - Statistics

General Stats
  • This quiz has been taken 26 times
  • The average score is 49 of 59
Answer Stats
Hint Answer % Correct
Portugal, ST, Juventus Ronaldo
100%
Austria, CB, Bayern Munich Alaba
95%
Italy, CB, Juventus Bonucci
95%
Italy, CB, Juventus Chiellini
95%
Denmark, CB, Chelsea Christensen
95%
Belgium, CAM, Man City De Bruyne
95%
Italy, GK, PSG Donnarumma
95%
Italy, CM, Chellsea Jorginho
95%
England, ST, Tottenham Kane
95%
France, CDM, Chelsea 🐐🐐🐐🐐🐐 Kante
95%
Poland, ST, Bayern Munich Lewandowski
95%
England, CB, Man United Maguire
95%
CM, Croatia, Real Madrid Modric
95%
Spain, CM, Barca Pedri
95%
England, GK, Everton Pickford
95%
France, CM, Man United Pogba
95%
Czech Republic, ST, Bayern Leverkusen Schick
95%
England, LB, Man United Shaw
95%
Italy, LB, Roma Spinazzola
95%
England, LW, Man City Sterling
95%
England, CB, Man City Stones
95%
Ukraine, RM, West Ham United Yarmolenko
95%
France, ST, Real Madrid Benzema
90%
Italy, LM, Juventus Chiesa
90%
Netherlands, CM, Barca De Jong
90%
Netherlands, CF, Barca Depay
90%
Germany, LM, Atalanta Gosens
90%
Belgium, LM, Dortmund Hazard
90%
Germany, CM, Real Madrid Kroos
90%
Italy, CM, PSG Verratti
90%
Netherlands, CM, Liverpool Wijnaldum
90%
Netherlands, RB, PSV Dumfries
85%
England, CAM, Man City Foden
85%
England, LW, Aston Villa Grealish
85%
Sweden, ST, Real Sociedad Isak
85%
England, CAM, Chelsea Mount
85%
Belgium, CM, Leicester City Tielemans
85%
Spain, LB, Barca Alba
80%
Switzerland, ST, Borussia M'gladbach Embolo
80%
Finland, GK, Bayern Leverkusen Hradecky
80%
Italy, LM, Napoli Insigne
80%
Spain, CB, Man City Laporte
80%
Italy, CM, Sassuolo Locatelli
80%
Switzerland, GK, Gladbach Sommer
80%
Denmark, LW, Sampdoria Damsgaard
75%
Germany, CDM, Bayern Munich Kimmich
75%
Sweden, GK, Everton Olsen
75%
England, CM, Leeds United Phillips
75%
England, LM, Man United Rashford
75%
England, RM, Man United Sancho
75%
Denmark, ST, OGC Nice Dolberg
70%
Spain, ST, Villarreal Gerard Moreno
70%
Denmark, RB, Atalanta Maehle
65%
Ukraine, CM, Atalanta Malinovskyi
50%
Spain, CB, Villarreal Pau Torres
50%
Austria, RB, Borussia M'gladbach Lainer
45%
Switzerland, RM, Liverpool Shaquiri
40%
Switzerland, LM, Frankfurt Zuber
40%
Sweden, CAM, Bayern Leverkusen Forseberg
10%
No matching quizzes found
Score Distribution
Percent of People with Each Score
Percentile by Number Answered
Your Score History
You have not taken this quiz